[Event "Tenerife-chT Primera"]
[Site "Tenerife"]
[Date "2024.11.16"]
[Round "2.1"]
[White "Gonzalez Garcia, Zoilo"]
[Black "Joaquin Chaves, Rafael"]
[Result "1-0"]
[WhiteElo "2065"]
[BlackElo "1783"]
[PlyCount "55"]
[EventDate "2024.11.09"]
[EventType "team-tourn"]
[EventRounds "14"]
[EventCountry "ESP"]
[SourceTitle "CB14_2025"]
[SourceDate "2024.11.01"]
[SourceVersion "1"]
[SourceVersionDate "2024.11.01"]
[SourceQuality "1"]
[WhiteTeam "El Sauzal"]
[BlackTeam "Santa Ursula Badnor"]
[WhiteTeamCountry "ESP"]
[BlackTeamCountry "ESP"]

1. e4 Nc6 2. d4 d5 3. e5 Bf5 4. c3 a6 5. Nf3 e6 6. Be2 Be7 7. 0-0 h6 8. Be3 Be4 9. c4 f5 10. Nc3 Bg5 11. Nxg5 hxg5 12. f3 g4 13. fxe4 Qh4 14. Bf4 Nge7 15. cxd5 exd5 16. Bg3 Qh6 17. Qc1 g5 18. exf5 Nxd4 19. Bxg4 0-0-0 20. f6+ Nef5 21. Bxf5+ Kb8 22. Bg4 Qg6 23. Qd2 Nc6 24. Rae1 d4 25. Ne4 Rd5 26. Qxg5 Qe8 27. f7 Qf8 28. Qf6 1-0

[Event "San Cristobal de La Laguna rapid op"]
[Site "San Cristobal de La Laguna"]
[Date "2024.08.31"]
[Round "2"]
[White "Joaquin Chaves, Rafael"]
[Black "Estremera Panos, Sergio"]
[Result "0-1"]
[WhiteElo "1783"]
[BlackElo "2253"]
[PlyCount "54"]
[EventDate "2024.08.31"]
[EventType "swiss"]
[EventRounds "9"]
[EventCountry "ESP"]
[SourceTitle "EXT 2025"]
[Source "ChessBase"]
[SourceDate "2024.10.14"]
[SourceVersion "1"]
[SourceVersionDate "2024.10.14"]
[SourceQuality "1"]

1. b3 e5 2. Bb2 Nc6 3. e3 Nf6 4. Nf3 Bd6 5. Bb5 e4 6. Ng5 h6 7. Bxf6 Qxf6 8. Nxe4 Qxa1 9. Nxd6+ cxd6 10. 0-0 Qf6 11. Nc3 0-0 12. Bd3 b6 13. Nd5 Qd8 14. Qg4 Ne5 15. Qg3 Nxd3 16. cxd3 Bb7 17. Qxd6 Bxd5 18. Qxd5 Qc7 19. f4 Qc6 20. Qf5 Qc2 21. Qd5 Qxd2 22. f5 Qxe3+ 23. Kh1 Rae8 24. h3 Qg3 25. f6 Re1 26. Rg1 Rxg1+ 27. Kxg1 Re8 0-1